Optoelectronics device data /

Guardado en:
Autor Corporativo: Motorola Semiconductor Products Inc. Technical Information Center.
Formato: Libro
Idioma:English
Publicado: [Phoenix, Ariz] : Motorola, 1983.
Materias:
Etiquetas: Agregar Etiqueta
Sin Etiquetas, Sea el primero en etiquetar este registro!
LEADER 00696nam a22001815a 4500
001 EIQ.libpla003931
008 080410s1983####txua#####c####000#0#eng#d
005 20080410192706.0
245 1 0 |a Optoelectronics device data /  |c prepared by Technical Information Center. 
260 |a [Phoenix, Ariz] :  |b Motorola,  |c 1983. 
300 |a 1 v (en varias paginaciones) :  |b il. ;  |c 24 cm. 
650 4 |a Optoelectrónica  |x Catálogos. 
650 4 |a Electrónica  |x Catálogos. 
650 4 |a Optoelectronics  |x Catalogs. 
650 4 |a Electronics  |x Catalogs. 
040 |a AR-BbSID  |b spa  |c AR-BbSID 
110 2 |a Motorola Semiconductor Products Inc.  |b Technical Information Center. 
859 |a AR-BbSID  |b BIB. PLAPIQUI  |h 621.380  |i M 856  |p 2238